Facultad de Derecho – Universidad Nacional de Mar del Plata

Derecho Internacional Público (Record no. 4040)

MARC details
000 -CABECERA
campo de control de longitud fija 00373nam a22001337a 4500
022 ## - NUMERO INTERNACIONAL NORMALIZADO PARA PUBLICACIONES SERIADAS (ISSN)
International Standard Serial Number 03267431
080 ## - NUMERO DE CLASIFICACION DECIMAL UNIVERSAL (CDU)
Número de la Clasificación Decimal Universal 341.1/8 D 444
245 ## - MENCION DE TITULO
Título propiamente dicho Derecho Internacional Público
260 ## - PUBLICACION, DISTRIBUCION, ETC. (PIE DE IMPRENTA)
Lugar de publicación, distribución, etc. Buenos Aires
Nombre del editor, distribuidor, etc. Abeledo Perrot
Fecha de publicación, distribución, etc. 2012
300 ## - DESCRIPCION FISICA
Extensión 533 p.
650 ## - ASIENTO SECUNDARIO DE MATERIA - TERMINO TEMATICO
Subdivisión general Derecho Internacional publico
-- Derecho Internacional humanitario
-- refugiados
945 ## - INFORMACION DE PROCESAMIENTO LOCAL
Responsable de cargamodificación Sabrina Cecilia Abram
Fecha de carga/modificación 2015-06-16
Holdings
Retirado Perdido Dañado No se presta Ubicación permanente Locación actual Estante o sala Fecha de adquisición Enumeración, cronología para publ. seriadas Signatura topográfica Inventario Ultima fecha vista Tipo de item de Koha
        Bib. Derecho Bib. Derecho Sala de Lectura 16/06/2015 2012 341.1/8 D 444 202980 26/10/2023 Publicación periódica

XHTML | CSS | ©Biblioteca Central - Dto. Tecnología de la Información - [ Con tecnología Koha ]